[Event "Titled Tuesday intern op 11th Feb Early"]
[Site "Chess.com INT"]
[Date "2025.02.11"]
[Round "1"]
[White "Lee, Addison"]
[Black "Williams, Simon Kim"]
[Result "1-0"]
[WhiteElo "2054"]
[BlackElo "2446"]
[PlyCount "79"]
[EventDate "2025.02.11"]
[EventType "swiss (blitz)"]
[EventRounds "11"]
[EventCountry "USA"]
[SourceTitle "CB09_2025"]
[SourceDate "2025.02.27"]
[SourceVersion "1"]
[SourceVersionDate "2025.02.27"]
[SourceQuality "1"]

1. e4 c5 2. Ne2 Nc6 3. c4 Nf6 4. Nbc3 e6 5. d3 d5 6. exd5 exd5 7. Bg5 d4 8. Nd5 Be7 9. Bxf6 Bxf6 10. g3 Ne5 11. Bg2 Bg4 12. 0-0 Nf3+ 13. Kh1 h5 14. Qa4+ Kf8 15. Ng1 Nxh2 16. Kxh2 h4 17. Bh3 hxg3+ 18. fxg3 Qc8 19. Rxf6 gxf6 20. Nf4 Bxh3 21. Ngxh3 Qg4 22. Re1 Rh7 23. Qb5 Kg7 24. Qxb7 Rah8 25. Ne6+ Kg6 26. Nef4+ Qxf4 27. gxf4 Rxh3+ 28. Kg2 Rh2+ 29. Kf3 f5 30. Rg1+ Kf6 31. Qc6+ Ke7 32. Re1+ Kd8 33. Qa8+ Kc7 34. Qxa7+ Kd6 35. Qb6+ Kd7 36. Qb7+ Kd8 37. Rg1 Rd2 38. Qd5+ Kc8 39. Qxc5+ Kb7 40. Qd5+ 1-0

[Event "Titled Tuesday intern op 11th Feb Early"]
[Site "Chess.com INT"]
[Date "2025.02.11"]
[Round "3"]
[White "Manukyan, Sargis A"]
[Black "Lee, Addison"]
[Result "1-0"]
[WhiteElo "2233"]
[BlackElo "2054"]
[PlyCount "47"]
[EventDate "2025.02.11"]
[EventType "swiss (blitz)"]
[EventRounds "11"]
[EventCountry "USA"]
[SourceTitle "CB09_2025"]
[SourceDate "2025.02.27"]
[SourceVersion "1"]
[SourceVersionDate "2025.02.27"]
[SourceQuality "1"]

1. d4 c5 2. d5 e6 3. c4 exd5 4. cxd5 Nf6 5. Nc3 d6 6. Nf3 g6 7. g3 Bg7 8. Bg2 0-0 9. 0-0 a6 10. a4 Nbd7 11. Nd2 Rb8 12. Nc4 Nb6 13. Na3 Re8 14. h3 Qc7 15. e4 h5 16. Re1 Bd7 17. Bf4 Nc8 18. Nc4 b5 19. axb5 axb5 20. Nxd6 Nxd6 21. e5 Bf5 22. exf6 Bxf6 23. Rxe8+ Rxe8 24. Nxb5 1-0

[Event "Titled Tuesday intern op 09th Apr Late"]
[Site "Chess.com INT"]
[Date "2024.04.09"]
[Round "3"]
[White "Dourerassou, Jonathan"]
[Black "Lee, Addison"]
[Result "1/2-1/2"]
[WhiteElo "2416"]
[BlackElo "2082"]
[PlyCount "145"]
[EventDate "2024.04.09"]
[EventType "swiss (blitz)"]
[EventRounds "11"]
[EventCountry "USA"]
[SourceTitle "EXT 2025"]
[Source "ChessBase"]
[SourceDate "2024.10.14"]
[SourceVersion "1"]
[SourceVersionDate "2024.10.14"]
[SourceQuality "1"]

1. e4 c5 2. Nc3 d6 3. g3 g6 4. Bg2 Bg7 5. f4 Nc6 6. Nf3 e6 7. 0-0 Nge7 8. d3 0-0 9. Be3 Rb8 10. Qe1 Nd4 11. Qf2 Nec6 12. g4 Nxf3+ 13. Qxf3 Nd4 14. Qf2 f5 15. exf5 exf5 16. g5 Be6 17. Nd5 Bf7 18. c3 Nc6 19. Rae1 Re8 20. Re2 Qd7 21. Rfe1 Kh8 22. Bd2 Rxe2 23. Rxe2 Re8 24. Rxe8+ Qxe8 25. Qe3 Qxe3+ 26. Bxe3 Kg8 27. Kf2 Kf8 28. Ke2 Ke8 29. Kd2 Kd7 30. h4 h6 31. Bf3 hxg5 32. fxg5 Ne5 33. Bg2 b6 34. Nf4 Ng4 35. Bd5 Bxd5 36. Nxd5 Be5 37. Bf4 Ke6 38. Nc7+ Kd7 39. Nd5 Ke6 40. c4 Bxb2 41. Ke2 Be5 42. a4 Kd7 43. Kf3 Bxf4 44. Nxf4 Ne5+ 45. Ke3 Kc6 46. h5 gxh5 47. g6 Kd7 48. g7 Ng4+ 49. Kf3 Nh6 50. Nxh5 Ke6 51. Kf4 Ng8 52. Kg5 Ke5 53. Kg6 f4 54. Kf7 Nh6+ 55. Kg6 Ng8 56. Kf7 Nh6+ 57. Ke7 Nf5+ 58. Kd7 Nxg7 59. Nxg7 f3 60. Nh5 d5 61. Kc6 dxc4 62. dxc4 Kd4 63. Kb5 Kc3 64. Ng3 Kb3 65. Ne4 Kc2 66. Ka6 Kd3 67. Nf2+ Kxc4 68. Kxa7 Kb4 69. Kxb6 Kxa4 70. Kxc5 Ka5 71. Kd4 Ka6 72. Ke3 Kb7 73. Kxf3 1/2-1/2

[Event "Titled Tuesday intern op 09th Apr Late"]
[Site "Chess.com INT"]
[Date "2024.04.09"]
[Round "2"]
[White "Lee, Addison"]
[Black "Chor, Kevin"]
[Result "1-0"]
[WhiteElo "2082"]
[BlackElo "1966"]
[PlyCount "103"]
[EventDate "2024.04.09"]
[EventType "swiss (blitz)"]
[EventRounds "11"]
[EventCountry "USA"]
[SourceTitle "EXT 2025"]
[Source "ChessBase"]
[SourceDate "2024.10.14"]
[SourceVersion "1"]
[SourceVersionDate "2024.10.14"]
[SourceQuality "1"]

1. Nf3 Nf6 2. g3 e6 3. Bg2 Be7 4. 0-0 0-0 5. b3 d6 6. Bb2 Nbd7 7. d4 Rb8 8. a4 a6 9. a5 c5 10. Nbd2 Qc7 11. e3 Rd8 12. Nc4 Nf8 13. Qe2 Bd7 14. Rfd1 d5 15. Nce5 Bb5 16. c4 dxc4 17. bxc4 Be8 18. Ba3 cxd4 19. Bxe7 Qxe7 20. exd4 Ng6 21. Nxg6 hxg6 22. Ne5 Nd7 23. Rab1 Nf6 24. Qb2 Nd7 25. Nd3 Rdc8 26. Rdc1 b6 27. axb6 Nxb6 28. Qa2 Na4 29. Rxb8 Rxb8 30. Qe2 Qa3 31. Re1 Rb3 32. Ne5 Nc3 33. Qf3 Qd6 34. Qa8 Rb8 35. Qf3 Qxd4 36. Nc6 Bxc6 37. Qxc6 a5 38. c5 a4 39. Qc7 Rb2 40. Rf1 a3 41. c6 a2 42. Qc8+ Kh7 43. Qa6 Rb1 44. c7 Qc5 45. c8Q Qxc8 46. Qxc8 a1Q 47. Rxb1 Qxb1+ 48. Bf1 Ne4 49. Qc4 Nd2 50. Qh4+ Kg8 51. Qd8+ Kh7 52. Qxd2 1-0

[Event "Titled Tuesday intern op 07th Nov Early"]
[Site "Chess.com INT"]
[Date "2023.11.07"]
[Round "1"]
[White "Koellner, Ruben Gideon"]
[Black "Lee, Addison"]
[Result "0-1"]
[WhiteElo "2488"]
[BlackElo "2082"]
[PlyCount "84"]
[EventDate "2023.11.07"]
[EventType "swiss (blitz)"]
[EventRounds "11"]
[EventCountry "USA"]
[SourceTitle "EXT 2025"]
[Source "ChessBase"]
[SourceDate "2024.10.14"]
[SourceVersion "1"]
[SourceVersionDate "2024.10.14"]
[SourceQuality "1"]

1. d4 Nf6 2. Nf3 c5 3. e3 g6 4. Nbd2 Bg7 5. dxc5 Qa5 6. a3 Qxc5 7. b4 Qc7 8. Bb2 0-0 9. c4 Nc6 10. Be2 d6 11. 0-0 Bf5 12. Rc1 Rac8 13. Re1 Rfd8 14. h3 b6 15. Qb3 a5 16. Bc3 Qa7 17. Qb2 Rb8 18. Nd4 Nxd4 19. Bxd4 Ne8 20. Bxg7 Nxg7 21. Nf3 Qd7 22. Nd4 Be4 23. Red1 Rdc8 24. Bg4 f5 25. Be2 Ne6 26. Bf1 Kf7 27. Qa2 Nxd4 28. Rxd4 Qe6 29. Qd2 Kg7 30. bxa5 bxa5 31. Qxa5 Ra8 32. Qc3 Qf6 33. f3 Bc6 34. c5 dxc5 35. Qxc5 Bb7 36. Qb4 Rxc1 37. Qxb7 Rxa3 38. Rd7 Kf7 39. Kf2 Ra2+ 40. Kg3 Rxf1 41. Rd8 Qg5+ 42. Kh2 Rxg2# 0-1

[Event "Titled Tuesday intern op 31st Oct Early"]
[Site "Chess.com INT"]
[Date "2023.10.31"]
[Round "1"]
[White "Laddha, Shubh Jayesh"]
[Black "Lee, Addison"]
[Result "1-0"]
[WhiteElo "2373"]
[BlackElo "2082"]
[PlyCount "71"]
[EventDate "2023.10.31"]
[EventType "swiss (blitz)"]
[EventRounds "11"]
[EventCountry "USA"]
[SourceTitle "EXT 2025"]
[Source "ChessBase"]
[SourceDate "2024.10.14"]
[SourceVersion "1"]
[SourceVersionDate "2024.10.14"]
[SourceQuality "1"]

1. d4 c5 2. d5 g6 3. Nc3 Bg7 4. e4 d6 5. Bb5+ Bd7 6. a4 Nf6 7. Nf3 0-0 8. 0-0 a6 9. Be2 Bg4 10. Nd2 Bxe2 11. Qxe2 e6 12. Nc4 e5 13. f4 exf4 14. Bxf4 Ne8 15. a5 Qc7 16. e5 dxe5 17. Nxe5 Qe7 18. Rae1 Nd7 19. d6 Nxd6 20. Nd5 Qd8 21. Nxd7 Qxd7 22. Nb6 Qc6 23. Nxa8 Rxa8 24. Kh1 Nf5 25. c3 h6 26. Qe4 Qb5 27. Be5 Re8 28. c4 Rxe5 29. cxb5 Rxe4 30. Rxe4 Bxb2 31. Re8+ Kg7 32. Rb8 axb5 33. Rxb7 Nd6 34. Rb6 Be5 35. a6 b4 36. a7 1-0

[Event "Titled Tuesday intern op 19th Sep Early"]
[Site "Chess.com INT"]
[Date "2023.09.19"]
[Round "3"]
[White "Lee, Addison"]
[Black "Antal, Gergely"]
[Result "1-0"]
[WhiteElo "2079"]
[BlackElo "2558"]
[PlyCount "105"]
[EventDate "2023.09.19"]
[EventType "swiss (blitz)"]
[EventRounds "11"]
[EventCountry "USA"]
[SourceTitle "EXT 2024"]
[Source "ChessBase"]
[SourceDate "2023.10.10"]
[SourceVersion "1"]
[SourceVersionDate "2023.10.10"]
[SourceQuality "1"]

1. Nf3 Nc6 2. d4 d5 3. Bf4 Bg4 4. e3 e6 5. Be2 Bd6 6. Bg3 Nge7 7. 0-0 Nf5 8. Bxd6 cxd6 9. h3 Bxf3 10. Bxf3 Qb6 11. b3 0-0 12. Nd2 Rac8 13. c4 dxc4 14. Nxc4 Qd8 15. Qd2 Nh4 16. Be2 d5 17. Nb2 Qg5 18. g3 e5 19. Kh2 exd4 20. gxh4 Qe5+ 21. f4 Qxe3 22. Qxe3 dxe3 23. Rfd1 Nb4 24. Rac1 Nxa2 25. Rxc8 Rxc8 26. Bd3 Nc3 27. Re1 d4 28. Kg3 g6 29. Kf3 f5 30. h5 Kg7 31. Rc1 Rc6 32. Na4 Nxa4 33. Rxc6 bxc6 34. bxa4 c5 35. hxg6 hxg6 36. Bc4 Kh6 37. Kg3 a5 38. Bd3 Kh5 39. Bc4 Kh6 40. Kh4 g5+ 41. fxg5+ Kg6 42. Bd3 c4 43. Bxc4 f4 44. Kg4 f3 45. Kxf3 Kxg5 46. Ke4 Kh4 47. Kxd4 e2 48. Bxe2 Kxh3 49. Kc5 Kg3 50. Kb6 Kf2 51. Bb5 Ke3 52. Kxa5 Kd4 53. Kb6 1-0

[Event "Titled Tuesday intern op 23rd May Late"]
[Site "Chess.com INT"]
[Date "2023.05.23"]
[Round "2"]
[White "Lee, Addison"]
[Black "Dragomirescu, Robin Alexandru"]
[Result "0-1"]
[WhiteElo "2079"]
[BlackElo "2337"]
[PlyCount "74"]
[EventDate "2023.05.23"]
[EventType "swiss (blitz)"]
[EventRounds "11"]
[EventCountry "USA"]
[SourceTitle "EXT 2024"]
[Source "ChessBase"]
[SourceDate "2023.10.10"]
[SourceVersion "1"]
[SourceVersionDate "2023.10.10"]
[SourceQuality "1"]

1. Nf3 Nc6 2. d4 d5 3. c4 Bg4 4. cxd5 Bxf3 5. dxc6 Bxc6 6. Nc3 Nf6 7. Bf4 e6 8. e3 Bd6 9. Bg3 Qe7 10. Qb3 0-0 11. f3 Nd5 12. Kf2 Nxc3 13. bxc3 b5 14. Bd3 e5 15. d5 Bd7 16. c4 bxc4 17. Qxc4 f5 18. Ke2 e4 19. fxe4 Rae8 20. e5 Bxe5 21. d6+ Qf7 22. Bxe5 Rxe5 23. Qxf7+ Kxf7 24. dxc7 f4 25. Rhf1 Ke7 26. Rae1 Rxe3+ 27. Kd2 Rxe1 28. Rxe1+ Kd6 29. Bxh7 Rh8 30. Be4 Kxc7 31. Kd3 Rxh2 32. Kd4 Kd6 33. Rb1 Rh5 34. Rb7 Ra5 35. Rb8 Rxa2 36. Rg8 Ra4+ 37. Kd3 Bb5+ 0-1

[Event "Titled Tuesday intern op 02nd May Early"]
[Site "Chess.com INT"]
[Date "2023.05.02"]
[Round "9"]
[White "Van Baar, Esper"]
[Black "Lee, Addison"]
[Result "0-1"]
[WhiteElo "2180"]
[BlackElo "2079"]
[PlyCount "108"]
[EventDate "2023.05.02"]
[EventType "swiss (blitz)"]
[EventRounds "11"]
[EventCountry "USA"]
[SourceTitle "EXT 2024"]
[Source "ChessBase"]
[SourceDate "2023.10.10"]
[SourceVersion "1"]
[SourceVersionDate "2023.10.10"]
[SourceQuality "1"]

1. e4 c5 2. Nf3 d6 3. d4 cxd4 4. Nxd4 Nf6 5. Nc3 g6 6. f3 Bg7 7. Be3 0-0 8. Qd2 Nc6 9. 0-0-0 d5 10. exd5 Nxd5 11. Nxc6 bxc6 12. Bd4 Bxd4 13. Qxd4 Qc7 14. Na4 e5 15. Qc5 Be6 16. Bc4 Nf4 17. Bxe6 Nxe6 18. Qd6 Rfd8 19. Qxc7 Nxc7 20. Nc5 Kf8 21. c4 Ke7 22. h4 h5 23. Rhe1 Rxd1+ 24. Kxd1 f6 25. f4 Kd6 26. Ne4+ Ke6 27. Nc5+ Kf5 28. fxe5 fxe5 29. Kc2 Rd8 30. Nd3 e4 31. Nc5 Re8 32. b4 Ne6 33. Nxe4 Kg4 34. Nf6+ Kxh4 35. Nxe8 Nd4+ 36. Kd3 Nf5 37. Nf6 Kg5 38. Nd7 Kg4 39. Re4+ Kg3 40. Re6 g5 41. Re2 g4 42. Ne5 h4 43. b5 cxb5 44. cxb5 h3 45. gxh3 gxh3 46. a4 Nh4 47. a5 Ng2 48. Rd2 h2 49. Rd1 Nf4+ 50. Ke4 Nh3 51. Rh1 Nf2+ 52. Kd5 Nxh1 53. b6 Nf2 54. b7 h1Q+ 0-1

[Event "Titled Tuesday intern op 14th Feb Early"]
[Site "Chess.com INT"]
[Date "2023.02.14"]
[Round "9"]
[White "Lee, Addison"]
[Black "Yaniuk, Volodymyr"]
[Result "0-1"]
[WhiteElo "2079"]
[BlackElo "2223"]
[PlyCount "106"]
[EventDate "2023.02.14"]
[EventType "swiss (blitz)"]
[EventRounds "11"]
[EventCountry "USA"]
[SourceTitle "CBM 212 Extra"]
[Source "ChessBase"]
[SourceDate "2023.03.31"]
[SourceVersion "1"]
[SourceVersionDate "2023.03.31"]
[SourceQuality "1"]

1. Nf3 d5 2. d4 Nf6 3. Bf4 c5 4. e3 Qb6 5. Qc1 Nc6 6. Nbd2 Bf5 7. c3 Rc8 8. dxc5 Qxc5 9. Be2 h6 10. 0-0 Nh5 11. Bg3 Nxg3 12. hxg3 e6 13. Nb3 Qb6 14. Qd2 Be7 15. Nbd4 Bg6 16. Bd3 Bh5 17. Rfe1 0-0 18. Nxc6 bxc6 19. e4 Rfd8 20. Qc2 Rb8 21. Rab1 Bc5 22. Ne5 f6 23. Nf3 e5 24. a4 a5 25. Nh4 Bf7 26. Nf5 Rb7 27. Qe2 Qb3 28. Bc2 Qc4 29. Qg4 Be8 30. Nxh6+ Kf8 31. Nf5 dxe4 32. Bxe4 Rd2 33. Qh4 Rxf2 34. Qh8+ Qg8 35. Qxg8+ Kxg8 36. Ne3 Rfxb2 37. Rxb2 Rxb2 38. Kh2 Kf8 39. Nc4 Ra2 40. Nxa5 Rxa4 41. Nb7 Be7 42. Rb1 Rc4 43. Bf3 Rxc3 44. Na5 c5 45. Rb8 Kf7 46. Bh5+ g6 47. Bxg6+ Kxg6 48. Rxe8 Kf7 49. Rc8 Rc2 50. Rc7 Ke6 51. Rc6+ Kd7 52. Ra6 Bd6 53. Ra7+ Bc7 0-1

[Event "Speed Chess Q1"]
[Site "Chess.com INT"]
[Date "2022.11.10"]
[Round "5"]
[White "Arencibia Monduy, Antonio"]
[Black "Lee, Addison"]
[Result "1-0"]
[WhiteElo "2100"]
[BlackElo "2079"]
[PlyCount "73"]
[EventDate "2022.11.10"]
[EventType "swiss (blitz)"]
[EventRounds "14"]
[EventCountry "USA"]
[SourceTitle "CBM 211 Extra"]
[Source "ChessBase"]
[SourceDate "2023.01.31"]
[SourceVersion "1"]
[SourceVersionDate "2023.01.31"]
[SourceQuality "1"]

1. d3 g6 2. c3 Bg7 3. e4 d6 4. Nf3 Nf6 5. Qc2 0-0 6. Be2 e5 7. h4 c6 8. Bg5 h6 9. Bd2 Bg4 10. Be3 Kh7 11. Nbd2 Nbd7 12. Nf1 d5 13. Ng3 dxe4 14. dxe4 Qe7 15. 0-0-0 Rfd8 16. Ng5+ Kg8 17. f3 Be6 18. Nxe6 Qxe6 19. Kb1 Nb6 20. h5 g5 21. Nf5 Nc4 22. Bc1 b5 23. g3 a5 24. b3 Nb6 25. Be3 Nbd7 26. Rd6 Qe8 27. Rhd1 Nf8 28. Nxh6+ Kh7 29. Nf5 Rxd6 30. Nxd6 Qe7 31. Nf5 Qe6 32. g4 Re8 33. Rd6 Qc8 34. Qd2 Ne6 35. Bxg5 Nxg5 36. Qxg5 Rg8 37. Rxf6 1-0

[Event "Speed Chess Q1"]
[Site "Chess.com INT"]
[Date "2022.11.10"]
[Round "3"]
[White "Lopez Martinez, Josep Manuel"]
[Black "Lee, Addison"]
[Result "1-0"]
[WhiteElo "2493"]
[BlackElo "2079"]
[PlyCount "77"]
[EventDate "2022.11.10"]
[EventType "swiss (blitz)"]
[EventRounds "14"]
[EventCountry "USA"]
[SourceTitle "CBM 211 Extra"]
[Source "ChessBase"]
[SourceDate "2023.01.31"]
[SourceVersion "1"]
[SourceVersionDate "2023.01.31"]
[SourceQuality "1"]

1. e4 c5 2. Nf3 d6 3. d4 cxd4 4. Nxd4 Nf6 5. Nc3 g6 6. f3 Bg7 7. Be3 0-0 8. g4 Nc6 9. Qd2 Bd7 10. 0-0-0 Rc8 11. h4 Nxd4 12. Bxd4 Qa5 13. Kb1 Be6 14. a3 a6 15. g5 Nh5 16. Nd5 Qd8 17. Bxg7 Nxg7 18. Nf4 Qb6 19. h5 Qc5 20. hxg6 hxg6 21. Qh2 Nh5 22. Nxh5 gxh5 23. Bd3 Kg7 24. f4 Bg4 25. Rdf1 b5 26. f5 f6 27. gxf6+ exf6 28. Rfg1 Rh8 29. Qh4 Kf7 30. Qe1 Rcg8 31. Qa5 Ra8 32. b4 Qc6 33. Rc1 Bf3 34. Rhe1 Rhe8 35. c4 Bxe4 36. Rxe4 Rxe4 37. cxb5 Qe8 38. Qc7+ Qe7 39. Bxe4 1-0

[Event "San Francisco Addison Memorial 19th"]
[Site "San Francisco"]
[Date "2019.06.22"]
[Round "3"]
[White "Lee, Addison"]
[Black "Ezra, Paul Chambers"]
[Result "0-1"]
[WhiteElo "1931"]
[BlackElo "2226"]
[PlyCount "60"]
[EventDate "2019.06.21"]
[EventType "swiss"]
[EventRounds "5"]
[EventCountry "USA"]
[SourceTitle "CBM 191 Extra"]
[Source "ChessBase"]
[SourceDate "2019.09.30"]
[SourceVersion "1"]
[SourceVersionDate "2019.09.30"]
[SourceQuality "1"]

1. d4 d5 2. c4 c6 3. Nf3 Nf6 4. Nc3 a6 5. c5 Bf5 6. h3 Nbd7 7. g4 Bg6 8. Bf4 e6 9. Nh4 Be7 10. Nxg6 hxg6 11. e3 b6 12. cxb6 Qxb6 13. Rb1 0-0 14. Be2 c5 15. 0-0 cxd4 16. exd4 Ne8 17. Na4 Qd8 18. b4 Bd6 19. Qd2 Bxf4 20. Qxf4 Nb6 21. Nxb6 Qxb6 22. Rfc1 Nd6 23. Bd3 Rac8 24. a4 Rxc1+ 25. Rxc1 Qxb4 26. Rb1 Qa3 27. Bxa6 Ne4 28. Bb5 Qxh3 29. Bf1 Qa3 30. f3 g5 0-1

[Event "Seattle Masters-A 12"]
[Site "Seattle"]
[Date "2017.12.09"]
[Round "2"]
[White "Lee, Addison"]
[Black "Sang, Tian"]
[Result "0-1"]
[WhiteElo "1921"]
[BlackElo "2294"]
[PlyCount "48"]
[EventDate "2017.12.09"]
[EventType "swiss"]
[EventRounds "3"]
[EventCountry "USA"]
[SourceTitle "EXT 2023"]
[Source "ChessBase"]
[SourceDate "2022.10.05"]
[SourceVersion "1"]
[SourceVersionDate "2022.10.05"]
[SourceQuality "1"]

1. e4 e5 2. Nf3 Nc6 3. Bb5 f5 4. d4 fxe4 5. Nxe5 Nxe5 6. dxe5 c6 7. Ba4 Qa5+ 8. c3 Qxe5 9. 0-0 Nf6 10. Be3 d5 11. Bd4 Qg5 12. Qd2 Qh5 13. Bd1 Bg4 14. f3 exf3 15. Qe3+ Kd7 16. Bxf3 Re8 17. Qf2 Bxf3 18. Qxf3 Qxf3 19. Rxf3 Re1+ 20. Rf1 Rxf1+ 21. Kxf1 Bd6 22. Bxf6 Rf8 23. h3 Rxf6+ 24. Ke2 Bc5 0-1